000 00845caa a22002417a 4500
999 _c410751
_d410751
001 123603
003 UA-OsUOA
005 20200112001034.0
007 ta
008 20170627b un ||||| |||| 00| 0 ukr d
040 _aUA-OsUOA
_bukr
_cUA-OsUOA
_dUA-OsUOA
041 _aukr
080 _a908
090 _a908
_bК28
100 _aКасянчук І.
245 _aСтатут Дубенського Спасо-Преображенського монастиря 1624 року
_cІ. Касянчук
300 _aС. 51–55
650 7 _a908 Краєзнавство
_2UDC
773 0 _0384074
_9408052
_dОстрог НаУОА 2012
_o142053
_tОстрозький краєзнавчий збірник
_w(UA-OsUOA) 97837
942 _cBKA
_2udc
955 _a1